| 000 | 01012nam a2200217Ii 4500 | ||
|---|---|---|---|
| 003 | JO-AjNU | ||
| 008 | 230605s9999||||xx |||||||||||||| ||und|| | ||
| 017 | _a2010/24780 | ||
| 040 |
_aJO-AjNU _bara _erda _cJO-AjNU |
||
| 041 | _aara | ||
| 050 | 1 | 4 | _aHF5548.32.2010 |
| 100 | 3 |
_aمؤتمر"التجارة الالكترونية تجارة بلا حدود "بالتعاون مع غرفة تجارة الاردن عمان-ديسمبر2010،ندوة"اثر التجارة الالكترونية العالمية على اقتصاديات البلدان العربية"القاهرة, _eauthor _934293 |
|
| 245 | 0 | 0 | _aالتجارة الالكترونية-تجارة بلا حدود |
| 264 | 3 | 1 | _aالقاهرة:المنظمة العربية للتنمية الادارية؛2011 |
| 300 | _a290ص | ||
| 336 |
_atext _btxt _2rdacontent |
||
| 337 |
_aunmediated _bn _2rdamedia |
||
| 338 |
_avolume _bnc _2rdacarrier |
||
| 490 | 0 | _aاعمال مؤتمرات | |
| 650 | 4 |
_aالتجارة الالكترونية _934294 |
|
| 999 |
_aA14043 _c17611 _d17611 |
||